| 000 | 01368cam a2200337 4500 | ||
|---|---|---|---|
| 001 | 25762 | ||
| 005 | 20230410130918.0 | ||
| 008 | 060907n1980 mx spa | ||
| 010 | _a 81126861 | ||
| 035 | _a(OCoLC)ocm07410251 | ||
| 040 |
_aDLC _cDLC _dOCLCQ _dOCLCG _dVVW _dDEBBG |
||
| 020 | _a9682309239 | ||
| 020 | _a9789682309236 | ||
| 035 | _a(OCoLC)7410251 | ||
| 050 | 1 | 4 |
_aPQ 7797 _bA725a 1980 |
| 082 | 0 | 0 | _a863 |
| 049 | _aGRAL | ||
| 100 | 1 |
_aArlt, Roberto, _d1900-1942. |
|
| 245 | 1 | 0 |
_aAntología / _cRoberto Arlt ; selección y prólogo de Noe Jitrik. |
| 260 |
_aMéxico, D.F. : _bSiglo XXI Editores, _c1980. |
||
| 300 |
_a262 p. ; _c18 cm. |
||
| 490 | 0 | _aLa Creación literaria | |
| 504 | _a"Bibliografía seleccionada sobre Roberto Arlt": p. 34-35. | ||
| 505 | 0 | _aLos trabajos y los días -- Discurso del astrólogo -- La revelación -- El suicida -- El sentido religioso de la vida -- Los dos bergantes -- Ester Primavera -- El jorobadito -- Noche terrible -- La factoría de Farjalla Bill Ali -- Rahutia la bailarina -- Saverio el cruel. | |
| 650 | 0 | _aShort stories. | |
| 650 | 0 | _aSpanish fiction. | |
| 700 | 1 |
_aJitrik, Noe, _d1928- |
|
| 776 | 0 | 8 |
_iOnline version: _aArlt, Roberto, 1900-1942. _sSelections. 1980. _tAntología. _b1a ed. _dMéxico, D.F. : Siglo XXI Editores, 1980 _w(OCoLC)643752294 |
| 942 |
_2lcc _cbk |
||
| 994 |
_aC0 _bDRFGD |
||
| 999 |
_c82608 _d82608 |
||